Rugby Six Nations - Player of the tournament - Statistics

General Stats
  • This quiz has been taken 551 times
    392 since last reset
  • The average score is 8 of 15
Answer Stats
Year Country Player % Correct
2020 France Antoine Dupont
92%
2019 Wales Alun-Wyn Jones
81%
2016 Scotland Stuart Hogg
78%
2006 Ireland Brian O'Driscoll
77%
2008 Wales Shane Williams
65%
2005 Wales Martyn Williams
60%
2021 Scotland Hamish Watson
58%
2013 Wales Leigh Halfpenny
48%
2015 Ireland Paul O'Connell
45%
2018 Ireland Jacob Stockdale
38%
2014 England Mike Brown
30%
2010 Ireland Tommy Bowe
27%
2004 Ireland Gordon D'Arcy
26%
2012 Wales Dan Lydiate
20%
2011 Italy Andrea Masi
9%
No matching quizzes found
Score Distribution
Percent of People with Each Score
Percentile by Number Answered
Your Score History
You have not taken this quiz since the last reset